000 00293nam a22001337a 4500
008 170208b xxu||||| |||| 00| 0 eng d
020 _a9780495015444
041 _aeng
080 _212TH
_a61
100 _a4
101 _aSHM
245 _aAN INVITATION TO HEALTH
_cHALES, D
942 _2udc
_cBK
999 _c4960
_d4960